Η γνώση της ζωής
Saved in:
| Main Author: | |
|---|---|
| Format: | Book |
| Language: | Greek German |
| Published: |
Αθήνα :
Επίκουρος,
1978.
|
| Subjects: | |
| Tags: |
Add Tag
No Tags, Be the first to tag this record!
|
MARC
| LEADER | 00000cam a2200000 i 4500 | ||
|---|---|---|---|
| 001 | 1/83180 | ||
| 008 | 960624s1978 gr | ||| |||| ||gre|| | ||
| 035 | |a 1986 |c Αγορά |l 10034129 | ||
| 040 | |a GR-MyUa |b gre |e AACR2 | ||
| 041 | 1 | |a gre |h ger | |
| 082 | 7 | |a 150.1953 |2 (22) | |
| 100 | 1 | |a Adler, Alfred, |d 1870-1937. | |
| 245 | 1 | 2 | |a Η γνώση της ζωής / |c Άλφρεντ Άντλερ ; μετάφραση Γιώργου Τσαμπουράκη. |
| 260 | |a Αθήνα : |b Επίκουρος, |c 1978. | ||
| 300 | |a 165 σ. ; |c 21 εκ. | ||
| 650 | 0 | |a Psychoanalysis. | |
| 650 | 0 | |a Individuality. | |
| 650 | 0 | |a Personality. | |
| 650 | 0 | |a Self. | |
| 852 | |a INST |b RHODES |e 19960624 |h 150.1953 ADL |p 005400004796 |q 005400004796 |t BK |y 0 | ||
| 852 | |a INST |b SYROS |e 20210518 |h 150.1953 ADL |p 005500014228 |q 005500014228 |t BK |y 0 | ||